| Registos Bibliográficos associados ao registo de autoridade |
|
Etiqueta de registo: 00000nam 2200025 450 001 1922247 003 http://id.bnportugal.gov.pt/bib/catbnp/1922247 010 ## $a978-972-25-2969-3 021 ## $aPT$b393019/15 100 ## $a20160210d2015 a y0pory01030103ba 101 1# $apor$ceng 102 ## $aPT 105 ## $aa z 000ay 106 ## $ar 200 1# $aCidade sem alma$fRansom Riggs$gtrad. Rita Canas Mendes 205 ## $a1ª ed 210 #9 $aLisboa$cBertrand,$d2015 215 ## $a382, [10] p.$cil.$d24 cm 225 2# $a O segundo livro das crianças peculiares da senhora Peregrine$v2 304 ## $aTít. orig.: Hollow City 675 ## $a087.5$vBN$zpor$3287999 675 ## $a821.111(73)-93"20"$vBN$zpor$31050222 675 ## $a821.111(73)-312.9"20"$vBN$zpor$31237979 700 #1 $aRiggs,$bRansom$31635280 702 #1 $aMendes,$bRita Canas,$f1984-$4730$31368828 801 #0 $aPT$bBN$gRPC 856 41 $uhttp://rnod.bnportugal.gov.pt/ImagesBN/winlibimg.aspx?skey=&doc=1922247&img=72834&save=true 900 ## $aBIBNAC$d20160217 966 ## $lBN$mFGMON$sP. 43859 V.$x1 966 ## $lBN$mFGMON$sP. 43859 V.-D$x1
Etiqueta de registo: 00000nam 2200025 450 001 1949035 003 http://id.bnportugal.gov.pt/bib/catbnp/1949035 010 ## $a978-972-25-3237-2 021 ## $aPT$b408230/16 100 ## $a20161123d2016 m y0pory01030103ba 101 1# $apor$ceng 102 ## $aPT 105 ## $aa z 000ay 106 ## $ar 200 1# $a O lar da Senhora Peregrine para crianças peculiares$fRansom Riggs$gtrad. Carla Alves 205 ## $a1ª ed 210 #9 $aLisboa$cBertrand,$d2016 215 ## $a334, [10] p.$cil.$d24 cm 304 ## $aTít. orig.: Miss Peregrine's home for peculiar children 675 ## $a087.5$vBN$zpor$3287999 675 ## $a821.111(73)-93"20"$vBN$zpor$31050222 675 ## $a821.111(73)-312.9"20"$vBN$zpor$31237979 700 #1 $aRiggs,$bRansom$31635280 702 #1 $aAlves,$bCarla$4730$31380278 801 #0 $aPT$bBN$gRPC 856 41 $uhttp://rnod.bnportugal.gov.pt/ImagesBN/winlibimg.aspx?skey=&doc=1949035&img=86044&save=true 900 ## $aBIBNAC$d20161215 966 ## $lBN$mFGMON$sP. 45966 V.$x1 966 ## $lBN$mFGMON$sP. 45966 V.-D$x1
Etiqueta de registo: 00000nam 2200025 450 001 1976517 003 http://id.bnportugal.gov.pt/bib/catbnp/1976517 010 ## $a978-972-25-3291-4 021 ## $aPT$b418968/16 100 ## $a20171116d2017 a y0pory01030103ba 101 1# $apor$ceng 102 ## $aPT 105 ## $aa z 000ay 106 ## $ar 200 1# $aBiblioteca de almas$fRansom Riggs$gtrad. Susana Serrão 205 ## $a1ª ed 210 #9 $aLisboa$cBertrand,$d2017 215 ## $a419, [5] p.$cil.$d24 cm 225 2# $aCrianças peculiares da senhora Peregrine$v3 304 ## $aTít. orig.: Library of souls 675 ## $a087.5$vBN$zpor$3287999 675 ## $a821.111(73)-93"20"$vBN$zpor$31050222 675 ## $a821.111(73)-312.9"20"$vBN$zpor$31237979 700 #1 $aRiggs,$bRansom$31635280 702 #1 $aSerrão,$bSusana$4730$31019079 801 #0 $aPT$bBN$gRPC 856 41 $uhttp://rnod.bnportugal.gov.pt/ImagesBN/winlibimg.aspx?skey=&doc=1976517&img=101908&save=true 900 ## $aBIBNAC$d20171219 966 ## $lBN$mFGMON$sP. 49093 V.$x1 966 ## $lBN$mFGMON$sP. 49093 V.-D$x1
Etiqueta de registo: 00254nam 2200025 450 001 2284376 003 http://id.bnportugal.gov.pt/bib/catbnp/2284376 010 ## $a978-989-783-587-2 021 ## $aPT$b555988/25 100 ## $a20260414d2025 m y0pory01030103ba 101 1# $apor$ceng 102 ## $aPT 105 ## $ay z 000ay 106 ## $ar 200 1# $aSunderworld.$hVol. 1,$i As extraordinárias desilusões de Leopold Berry$fRansom Riggs$gtrad. José Mário Silva 210 #9 $aLisboa$cRelógio d'Água,$d2025 215 ## $a335, [3] p. 304 ## $aTít. orig.: Sunderworld, Vol. 1, The extraordinary disappointments of Leopold Berry
(2024) 675 ## $a087.5$vBN$zpor$3287999 675 ## $a821.111(73)-93"20"$vBN$zpor$31050222 700 #1 $aRiggs,$bRansom$31635280 702 #1 $aSilva,$bJosé Mário,$f1972-$4730$31056657 801 #0 $aPT$bBN$gRPC 856 41 $uhttp://rnod.bnportugal.gov.pt/ImagesBN/winlibimg.aspx?skey=&doc=2284376&img=221689&save=true 966 ## $lBN$mFGMON$sP. 72643 V.$x1 966 ## $lBN$mFGMON$sP. 72643 V.-D$x1 971 ## $cabrito$d20260414 973 ## $cigoulao$d20260423
|
|
|